000 00446nam a2200157 i 4500
001 63226
003 ES-MaACL
005 20230906164818.0
007 t|
008 031203s1943 sp ||||1| spa d
100 1 _aFerrara, Orestes.
_950298
245 1 3 _aEl Papa Borgia /
_cpor Orestes Ferrara.
260 _aMadrid :
_bLa Nave,
_c[1943] (
_fAldus Artes Gráficas)
300 _a404 p., 1 lám. ;
_c25 cm.
852 _aES-MaACL
_jF-15563
_bR.19844
999 _c63226
_d63226